| 000 | 00523nam a2200205Ia 4500 | ||
|---|---|---|---|
| 003 | LK-CoDNM | ||
| 008 | 010623t xxu||||| |||| 00| 1 sin d | ||
| 040 |
_aLK-CoDNM _dLK-CoDNM _eLK-CoDNM |
||
| 041 | _asin | ||
| 080 | _a159.9 DES | ||
| 100 | _aDe Silva,Nevil. | ||
| 245 | _aමෝහනයේ ගුණ අගුණ | ||
| 246 | _aMohanaye Guna Aguna | ||
| 260 |
_bHelabima Publishers _aColombo |
||
| 300 | _b135p., 21 cm | ||
| 650 | _aHipnosis | ||
| 650 | _aPsychology | ||
| 700 |
_aPerera,Indu. _eed. |
||
| 942 | _cBK | ||
| 999 |
_c140519 _d140519 |
||